Hernia : surgical anatorny and techniques

Bibliographic Details
Format: Book
Published: New York : McGraw-Hill , 1989
Subjects:

MARC

LEADER 00000cam a2200000 7i4500
001 0000003202
002 000003459
005 20000330.0
020 |a 0071003517 
090 0 0 |a 617.559   |b HER 
245 0 0 |a Hernia :   |b surgical anatorny and techniques   |c John E.Skandalakis et.al 
260 |a New York :   |b McGraw-Hill ,   |c 1989 
300 |a 383p. :   |b ill ;   |c 30cm. 
650 0 0 |a Hernia   |x Surgen   |x Atlases 
999 |a 036803   |b BUKU   |c RUJUKAN   |e PERPUSTAKAAN KOMUNITI PETALING JAYA